Catálogo

Duanes clinical ophthalmology / (Registro nro. 45554)

Detalles MARC
000 -LEADER
fixed length control field 01178cam a2200289 i 4500
001 - CONTROL NUMBER
control field 45554
003 - CONTROL NUMBER IDENTIFIER
control field Mx-PuUPA
005 - DATE AND TIME OF LATEST TRANSACTION
control field 20210519094543.0
008 - FIXED-LENGTH DATA ELEMENTS--GENERAL INFORMATION
fixed length control field 140415s1993 waua gr 001 0 eng d
020 ## - INTERNATIONAL STANDARD BOOK NUMBER
International Standard Book Number 039757245X
040 ## - CATALOGING SOURCE
Original cataloging agency MX-PuUPA
Language of cataloging spa
Description conventions rda
Transcribing agency Mx-PuUPA
Modifying agency Mx-PuUPA
041 0# - LANGUAGE CODE
Language code of text/sound track or separate title eng
245 00 - TITLE STATEMENT
Title Duanes clinical ophthalmology /
Statement of responsibility, etc. editor William Tasman ; associate editor Edward A. Jaeger.
250 ## - EDITION STATEMENT
Edition statement Revised
264 #1 - PRODUCTION, PUBLICATION, DISTRIBUTION, MANUFACTURE, AND COPYRIGHT NOTICE
Place of production, publication, distribution, manufacture Philadelphia, PA :
Name of producer, publisher, distributor, manufacturer J.B. Lippincott Company,
Date of production, publication, distribution, manufacture, or copyright notice 1993
300 ## - PHYSICAL DESCRIPTION
Extent 6 volúmenes (paginación varía) :
Other physical details ilustraciones ;
Dimensions 26 cm +
Accompanying material 1 índice (xliv, 173 páginas ; 27 cm)
336 ## - CONTENT TYPE
Content type term texto
Fuente rdacontent
Content type code txt
337 ## - MEDIA TYPE
Media type term sin medio
Source rdamedia
Media type code n
338 ## - CARRIER TYPE
Carrier type term volumen
Source rdacarrier
Carrier type code nc
505 8# - FORMATTED CONTENTS NOTE
Miscellaneous information v. 1.
Title Ocular motility and strabismus -
Miscellaneous information v. 2.
Title Neuro-opthalmology -
Miscellaneous information v. 3.
Title Diseases of the retina -
Miscellaneous information v. 4.
Title External diseases -
Miscellaneous information v. 5.
Title Ophthalmic surgery -
Miscellaneous information v. 6.
Title Ocular surgery: general considerations
650 #4 - SUBJECT ADDED ENTRY--TOPICAL TERM
Topical term or geographic name entry element Oftalmología
650 #4 - SUBJECT ADDED ENTRY--TOPICAL TERM
Topical term or geographic name entry element Enfermedades oculares
700 1# - ADDED ENTRY--PERSONAL NAME
Personal name Tasman, William,
Relator term editor
700 1# - ADDED ENTRY--PERSONAL NAME
Personal name Jaeger, Edward A.,
Relator term editor
942 ## - ADDED ENTRY ELEMENTS (KOHA)
Source of classification or shelving scheme Dewey Decimal Classification
Koha item type Libro
Classification part 617.7
Item part D812
Existencias
Withdrawn status Lost status Source of classification or shelving scheme Damaged status Not for loan Collection code Home library Current library Shelving location Date acquired Source of acquisition Total Checkouts Full call number Barcode Date last seen Price effective from Koha item type
    Dewey Decimal Classification     Referencia Biblioteca Karol Wojtyla Biblioteca Karol Wojtyla Área de silencio 31/08/2017 Compra   617.7 DUA 1993 68426 05/01/2026 31/08/2017 Libro R
    Dewey Decimal Classification     Referencia Biblioteca Karol Wojtyla Biblioteca Karol Wojtyla Área de silencio 03/12/2013 Compra   617.7 DUA 1993 68432 05/01/2026 31/08/2017 Libro R
    Dewey Decimal Classification     Referencia Biblioteca Karol Wojtyla Biblioteca Karol Wojtyla Área de silencio 03/12/2013 Compra   617.7 DUA 1993 68431 05/01/2026 31/08/2017 Libro R
    Dewey Decimal Classification     Referencia Biblioteca Karol Wojtyla Biblioteca Karol Wojtyla Área de silencio 03/12/2013 Compra   617.7 DUA 1993 68430 05/01/2026 31/08/2017 Libro R
    Dewey Decimal Classification     Referencia Biblioteca Karol Wojtyla Biblioteca Karol Wojtyla Área de silencio 31/08/2017 Compra   617.7 DUA 1993 68428 05/01/2026 31/08/2017 Libro R
    Dewey Decimal Classification     Referencia Biblioteca Karol Wojtyla Biblioteca Karol Wojtyla Área de silencio 03/12/2013 Compra   617.7 DUA 1993 68429 05/01/2026 31/08/2017 Libro R
    Dewey Decimal Classification     Referencia Biblioteca Karol Wojtyla Biblioteca Karol Wojtyla Área de silencio 03/12/2013 Compra   617.7 DUA 1993 68427 05/01/2026 31/08/2017 Libro R